| 000 | 00824cab a2200289 4500 | ||
|---|---|---|---|
| 001 | WB3333-29 | ||
| 008 | 090401t1997 xxu||||| |||| 00| 0 eng d | ||
| 035 | _a(Sirsi) u80325 | ||
| 041 | _aeng | ||
| 245 | _aBuilding restraint urged | ||
| 260 | _c1997 | ||
| 350 | _a0 | ||
| 490 |
_aTimes _v18 August 1997, 9 |
||
| 490 |
_aEvening Standard _v18 August 1997, 21 |
||
| 490 |
_aFinancial Times _v19 August 1997, 6(2) |
||
| 520 | _aA CPRE report reveals that developers are building houses on green-field sites rather than `windfall sites` in cities. | ||
| 650 | _aBUILDING LAND | ||
| 650 | _aCPRE | ||
| 650 | _aGREEN BELT | ||
| 650 | _aGREENFIELD SITES | ||
| 650 | _aHOUSE BUILDING | ||
| 650 | _aNEW HOMES | ||
| 650 | _aWINDFALL SITES | ||
| 690 | _aHOUSING-DEVELOPMENT | ||
| 942 | _n0 | ||
| 948 | _c19/08/1997 | ||
| 999 |
_c50586 _d50586 |
||